000
00320nam a2200133Ia 4500
008
191201s1998 xx 000 0 und d
082
_a
677.21
_b
VIW
100
_a
VICKERMAN, C
245
0
_a
Woollen Spinning
260
_a
N.Delhi
_b
Abhishek Publications
_c
1998
300
_a
352
650
_a
B.Tech(TE)
942
_2
ddc
_c
BK
999
_c
2323
_d
2323